[Event "CZE-ch Blitz"]
[Site "Brno"]
[Date "2024.12.21"]
[Round "5"]
[White "Bernasek, Jan"]
[Black "Mudra, Tomas"]
[Result "1-0"]
[WhiteElo "2501"]
[BlackElo "2088"]
[PlyCount "85"]
[EventDate "2024.12.21"]
[EventType "swiss (blitz)"]
[EventRounds "15"]
[EventCountry "CZE"]
[SourceTitle "CB52_2024"]
[SourceDate "2024.12.25"]
[SourceVersion "1"]
[SourceVersionDate "2024.12.25"]
[SourceQuality "1"]

1. d4 Nf6 2. c4 c5 3. d5 b5 4. cxb5 a6 5. e3 axb5 6. Bxb5 Qa5+ 7. Nc3 Ba6 8. Bxa6 Nxa6 9. Nge2 d6 10. 0-0 g6 11. Bd2 Bg7 12. a4 0-0 13. Nb5 Qb6 14. Nec3 Rfb8 15. e4 Nc7 16. Qe2 Nd7 17. Nxc7 Qxc7 18. Nb5 Qb7 19. Ra2 Nb6 20. b3 Rc8 21. Bc3 Bxc3 22. Nxc3 c4 23. b4 Nd7 24. Rb1 Ne5 25. h3 Qb6 26. Qe3 Qb7 27. Qd4 Nd3 28. b5 Ra5 29. Kh2 Nc5 30. Rb4 Nb3 31. Qe3 Qc7 32. Rc2 Qc5 33. Qxc5 dxc5 34. Rxc4 Rca8 35. Rb2 Nd4 36. Rxc5 Kf8 37. Rc4 e5 38. dxe6 Nxe6 39. b6 Ke7 40. Nd5+ Kd6 41. b7 Rb8 42. Rb6+ Ke5 43. Rc8 1-0

[Event "CZE-chT2E 1516"]
[Site "Czech Republic"]
[Date "2015.11.08"]
[Round "2.5"]
[White "Mudra, Tomas"]
[Black "Danada, Tomas"]
[Result "1/2-1/2"]
[WhiteElo "2131"]
[BlackElo "2197"]
[PlyCount "87"]
[EventDate "2015.10.18"]
[EventType "team-tourn"]
[EventRounds "11"]
[EventCountry "CZE"]
[SourceTitle "EXT 2022"]
[Source "ChessBase"]
[SourceDate "2021.10.06"]
[SourceVersion "1"]
[SourceVersionDate "2021.10.06"]
[SourceQuality "1"]
[WhiteTeam "Brno Duras II"]
[BlackTeam "Prusanky Podluzan"]
[WhiteTeamCountry "CZE"]
[BlackTeamCountry "CZE"]

1. c4 b6 2. Nc3 Bb7 3. e4 e6 4. g3 f5 5. Bg2 Nf6 6. Qc2 fxe4 7. Nxe4 Nxe4 8. Bxe4 Bxe4 9. Qxe4 Nc6 10. Ne2 Qf6 11. 0-0 Bd6 12. d4 0-0 13. Be3 Qf5 14. Nc3 Ne7 15. Rad1 Qxe4 16. Nxe4 Nf5 17. Bc1 Be7 18. d5 e5 19. f4 Nd6 20. Nxd6 Bxd6 21. f5 b5 22. cxb5 Rfb8 23. Be3 Rxb5 24. Rf2 a5 25. Rc2 a4 26. Rdd2 Raa5 27. Rc4 a3 28. bxa3 Rxd5 29. Rxd5 Rxd5 30. a4 Kf7 31. Kg2 Rd3 32. Bc1 Ba3 33. Bxa3 Rxa3 34. Rxc7 Kf6 35. Rxd7 Rxa4 36. Rd2 Kxf5 37. Re2 e4 38. Kf2 Ke5 39. Rb2 Ra6 40. Ke2 Ra7 41. Ke3 Ra3+ 42. Ke2 Ra7 43. Ke3 Ra3+ 44. Ke2 1/2-1/2

[Event "CZE-chT2E 1314"]
[Site "Czech Republic"]
[Date "2014.04.06"]
[Round "11.6"]
[White "Rakusan, Miroslav"]
[Black "Mudra, Tomas"]
[Result "0-1"]
[WhiteElo "1765"]
[BlackElo "2161"]
[PlyCount "78"]
[EventDate "2013.11.03"]
[EventType "team-tourn"]
[EventRounds "11"]
[EventCountry "CZE"]
[SourceTitle "EXT 2016"]
[Source "ChessBase"]
[SourceDate "2015.10.08"]
[SourceVersion "1"]
[SourceVersionDate "2015.10.08"]
[SourceQuality "1"]
[WhiteTeam "Postoupky"]
[BlackTeam "Brno Duras II"]
[WhiteTeamCountry "CZE"]
[BlackTeamCountry "CZE"]

1. e4 c5 2. c3 d6 3. d4 cxd4 4. cxd4 g6 5. Nf3 Bg7 6. h3 Nf6 7. Nc3 0-0 8. Be3 a6 9. Be2 b5 10. b4 Bb7 11. Nd2 Nbd7 12. 0-0 Rc8 13. Rc1 Nb6 14. Qb3 d5 15. e5 Nfd7 16. a4 Nxe5 17. axb5 Nec4 18. Nxc4 dxc4 19. Qa2 axb5 20. Nxb5 Ra8 21. Qd2 Qd5 22. Bf3 Qxb5 23. Bxb7 Ra4 24. Bg5 Rd8 25. Qe3 Bxd4 26. Qxe7 Re8 27. Qd6 Qxg5 28. Qxd4 Rxb4 29. Rb1 Qe7 30. Bf3 Na4 31. Bc6 Reb8 32. Rxb4 Qxb4 33. Rc1 Nb6 34. Bf3 Rc8 35. Be4 Qc5 36. Qc3 Rd8 37. Bd3 Rxd3 38. Qxd3 cxd3 39. Rxc5 d2 0-1

[Event "CZE-chT2E 1314"]
[Site "Czech Republic"]
[Date "2013.11.17"]
[Round "2.5"]
[White "Malcanek, Jan"]
[Black "Mudra, Tomas"]
[Result "1-0"]
[WhiteElo "2058"]
[BlackElo "2161"]
[PlyCount "73"]
[EventDate "2013.11.03"]
[EventType "team-tourn"]
[EventRounds "11"]
[EventCountry "CZE"]
[SourceTitle "EXT 2016"]
[Source "ChessBase"]
[SourceDate "2015.10.08"]
[SourceVersion "1"]
[SourceVersionDate "2015.10.08"]
[SourceQuality "1"]
[WhiteTeam "Kromeriz Slavia II"]
[BlackTeam "Brno Duras II"]
[WhiteTeamCountry "CZE"]
[BlackTeamCountry "CZE"]

1. e4 c5 2. Nf3 d6 3. c3 Nf6 4. Bd3 g6 5. 0-0 Bg7 6. Bc2 0-0 7. d4 Nbd7 8. a4 Rb8 9. Qe2 a6 10. e5 Nd5 11. e6 N7f6 12. exf7+ Kh8 13. dxc5 dxc5 14. Ne5 Nd7 15. Nxg6+ hxg6 16. Bxg6 N7f6 17. Qe5 Qd6 18. Qg5 Nh7 19. Qh5 Ndf6 20. Qh4 Qd5 21. Bf4 e5 22. Bg5 Rxf7 23. Bxf7 Qxf7 24. Nd2 Be6 25. Rfe1 Nd7 26. Ne4 Qg6 27. Rad1 Rg8 28. g3 Bf8 29. Be7 Qf7 30. Bxf8 Qxf8 31. Re3 Qg7 32. Rd6 Bf5 33. Rh6 Bxe4 34. Rxe4 Ndf6 35. Rxe5 Ng4 36. Rxh7+ Qxh7 37. Rh5 1-0

[Event "CZE-chT2E 1314"]
[Site "Czech Republic"]
[Date "2013.11.03"]
[Round "1.6"]
[White "Mudra, Tomas"]
[Black "Adamcik, Martin"]
[Result "1-0"]
[WhiteElo "2161"]
[BlackElo "2177"]
[PlyCount "101"]
[EventDate "2013.11.03"]
[EventType "team-tourn"]
[EventRounds "11"]
[EventCountry "CZE"]
[SourceTitle "EXT 2016"]
[Source "ChessBase"]
[SourceDate "2015.10.08"]
[SourceVersion "1"]
[SourceVersionDate "2015.10.08"]
[SourceQuality "1"]
[WhiteTeam "Brno Duras II"]
[BlackTeam "Prostejov"]
[WhiteTeamCountry "CZE"]
[BlackTeamCountry "CZE"]

1. c4 Nf6 2. Nc3 g6 3. g3 Bg7 4. Bg2 0-0 5. d3 c5 6. e4 Nc6 7. Nge2 d6 8. 0-0 Ne8 9. Rb1 Nc7 10. Be3 Ne6 11. Qd2 Ned4 12. Bh6 Bg4 13. Bxg7 Kxg7 14. f3 Bd7 15. a3 Nb3 16. Qd1 Ncd4 17. Nxd4 Nxd4 18. b4 b6 19. f4 Rb8 20. Qd2 h6 21. Rbe1 e5 22. Nd5 f6 23. Rf2 Be6 24. Ne3 g5 25. Ref1 Qe7 26. Qd1 Kh7 27. Qa4 Kg7 28. Qd1 Kh7 29. f5 Bf7 30. Bf3 a5 31. b5 Qd8 32. h4 Kg7 33. Rh2 Rh8 34. Kg2 Nxf3 35. Qxf3 Qe7 36. Rfh1 Rbg8 37. Kf2 Qe8 38. Qg2 Qd8 39. hxg5 hxg5 40. Ng4 Qe8 41. Rh6 Rxh6 42. Rxh6 Bh5 43. Qh3 Rh8 44. Nxf6 Rxh6 45. Nxe8+ Bxe8 46. f6+ Rxf6+ 47. Ke3 a4 48. Qc8 Bf7 49. Qd8 g4 50. Ke2 Bg6 51. Qxb6 1-0

[Event "CZE-chT1E 1213"]
[Site "Czech Republic"]
[Date "2013.04.21"]
[Round "11.7"]
[White "Mudra, Tomas"]
[Black "Senkyr, Martin"]
[Result "0-1"]
[WhiteElo "2162"]
[BlackElo "2171"]
[PlyCount "96"]
[EventDate "2012.10.21"]
[EventType "team-tourn"]
[EventRounds "11"]
[EventCountry "CZE"]
[SourceTitle "EXT 2014"]
[Source "ChessBase"]
[SourceDate "2013.11.20"]
[SourceVersion "1"]
[SourceVersionDate "2013.11.20"]
[SourceQuality "1"]
[WhiteTeam "Brno Duras"]
[BlackTeam "Zlin"]
[WhiteTeamCountry "CZE"]
[BlackTeamCountry "CZE"]

1. c4 Nf6 2. Nc3 g6 3. g3 Bg7 4. Bg2 0-0 5. d3 c6 6. e4 d6 7. Nge2 e5 8. 0-0 Nbd7 9. h3 Ne8 10. Be3 Nc5 11. d4 exd4 12. Bxd4 Be6 13. b3 Qe7 14. Bxg7 Nxg7 15. Nd4 Rad8 16. Re1 Bc8 17. b4 Nce6 18. b5 Qf6 19. Nce2 Bd7 20. bxc6 bxc6 21. Nb3 Ng5 22. Nf4 Qe5 23. Qd2 Bc8 24. Rad1 N5e6 25. Nd3 Qf6 26. Qe3 Qe7 27. Nb4 Qc7 28. Rd2 a5 29. Nc2 Ba6 30. Qc3 a4 31. Nbd4 Nxd4 32. Nxd4 c5 33. Nb5 Bxb5 34. cxb5 Ne6 35. e5 dxe5 36. Rxd8 Rxd8 37. Rxe5 Qd6 38. Rd5 Qb8 39. Qc4 a3 40. Rxd8+ Qxd8 41. Bd5 Qd6 42. Qb3 Nd4 43. Bxf7+ Kg7 44. Qc4 Nf3+ 45. Kg2 Ne5 46. Qc3 Kxf7 47. b6 Qc6+ 48. Kg1 Nf3+ 0-1

[Event "CZE-chT2D 1112"]
[Site "Czech Republic"]
[Date "2012.01.22"]
[Round "6"]
[White "Mudra, Tomas"]
[Black "Cieslak, Leszek"]
[Result "1-0"]
[WhiteElo "2171"]
[BlackElo "1985"]
[PlyCount "81"]
[EventDate "2011.10.09"]
[EventType "team-tourn"]
[EventRounds "11"]
[EventCountry "CZE"]
[SourceTitle "EXT 2013"]
[Source "ChessBase"]
[SourceDate "2012.11.22"]
[SourceVersion "1"]
[SourceVersionDate "2012.11.22"]
[SourceQuality "1"]
[WhiteTeam "Brno Duras II"]
[BlackTeam "Trebic Caissa II"]
[WhiteTeamCountry "CZE"]
[BlackTeamCountry "CZE"]

1. c4 Nf6 2. Nc3 g6 3. g3 Bg7 4. Bg2 0-0 5. d3 d6 6. e3 c5 7. Nge2 Nc6 8. 0-0 Bd7 9. Rb1 a6 10. b3 Rb8 11. Bb2 b5 12. Nd5 e6 13. Ndc3 Qe7 14. Qd2 Rfc8 15. Rfc1 Be8 16. cxb5 axb5 17. d4 d5 18. dxc5 Nd7 19. Nd4 b4 20. Na4 Nce5 21. f4 Ng4 22. h3 Ngf6 23. a3 Nxc5 24. Nxc5 Rxc5 25. Rxc5 Qxc5 26. Rc1 Qb6 27. Qxb4 Qxb4 28. axb4 Nd7 29. Rc7 Bf8 30. Nc6 Bd6 31. Ra7 Rc8 32. b5 Bc5 33. Bd4 Kf8 34. Rb7 Bd6 35. b4 Nb8 36. Na7 Rc1+ 37. Kh2 Rc4 38. Bc5 Bxc5 39. bxc5 Nd7 40. c6 Nf6 41. c7 1-0

[Event "CZE-chT1E 1112"]
[Site "Czech Republic"]
[Date "2011.11.13"]
[Round "3"]
[White "Sikora, Jan"]
[Black "Mudra, Tomas"]
[Result "0-1"]
[WhiteElo "2251"]
[BlackElo "2171"]
[PlyCount "64"]
[EventDate "2011.10.02"]
[EventType "team-tourn"]
[EventRounds "11"]
[EventCountry "CZE"]
[SourceTitle "EXT 2012"]
[Source "ChessBase"]
[SourceDate "2011.11.24"]
[SourceVersion "1"]
[SourceVersionDate "2011.11.24"]
[SourceQuality "1"]
[WhiteTeam "Trinec"]
[BlackTeam "Brno Duras"]
[WhiteTeamCountry "CZE"]
[BlackTeamCountry "CZE"]

1. e4 c5 2. Nc3 Nc6 3. Nf3 g6 4. d4 cxd4 5. Nxd4 Bg7 6. Be3 d6 7. f3 Nf6 8. g4 0-0 9. Qd2 Nxd4 10. Bxd4 Be6 11. 0-0-0 Rc8 12. h4 Qa5 13. a3 h5 14. g5 Nd7 15. f4 Bxd4 16. Qxd4 Nb6 17. Nd5 Bxd5 18. exd5 Rc5 19. Bg2 Rfc8 20. Rd2 Rc4 21. Qf2 Na4 22. Rh3 Qb5 23. b3 Nc3 24. Bf1 Qa5 25. Kb2 Ne4 26. Qe3 Nxd2 27. Bxc4 Rxc4 28. Qxe7 Rc8 29. Rd3 Qc5 30. c4 Qf2 31. Kc1 Nxb3+ 32. Kb1 Qf1+ 0-1

[Event "CZE-chT2D 1011"]
[Site "Czech Republic"]
[Date "2011.04.10"]
[Round "11"]
[White "Mudra, Tomas"]
[Black "Dosedel, Jiri"]
[Result "1-0"]
[WhiteElo "2182"]
[BlackElo "2124"]
[PlyCount "63"]
[EventDate "2010.10.17"]
[EventType "team-tourn"]
[EventRounds "11"]
[EventCountry "CZE"]
[SourceTitle "EXT 2012"]
[Source "ChessBase"]
[SourceDate "2011.11.24"]
[SourceVersion "1"]
[SourceVersionDate "2011.11.24"]
[SourceQuality "1"]
[WhiteTeam "Brno Duras II"]
[BlackTeam "Litomysl"]
[WhiteTeamCountry "CZE"]
[BlackTeamCountry "CZE"]

1. c4 Nf6 2. Nc3 g6 3. g3 Bg7 4. Bg2 0-0 5. d3 d6 6. e3 e5 7. Nge2 c6 8. 0-0 Be6 9. Rb1 d5 10. b3 Qe7 11. cxd5 cxd5 12. b4 Rd8 13. Na4 Nbd7 14. Nc5 Nf8 15. Bb2 Bc8 16. Qa4 b6 17. Na6 Bf5 18. Rfd1 Rac8 19. b5 e4 20. Nd4 Bg4 21. Rd2 Bd7 22. Nb4 a5 23. Nbc6 Bxc6 24. Nxc6 Rxc6 25. bxc6 Ne6 26. dxe4 Nc5 27. Qb5 Nfxe4 28. Bxe4 Nxe4 29. Rxd5 Bxb2 30. Rxb2 Rxd5 31. Qxd5 Qf6 32. c7 1-0

[Event "CZE-chT2D 1011"]
[Site "Czech Republic"]
[Date "2011.03.27"]
[Round "10"]
[White "Mudra, Tomas"]
[Black "Hrabusa, Matej"]
[Result "1-0"]
[WhiteElo "2182"]
[BlackElo "2332"]
[PlyCount "101"]
[EventDate "2010.10.17"]
[EventType "team-tourn"]
[EventRounds "11"]
[EventCountry "CZE"]
[SourceTitle "EXT 2012"]
[Source "ChessBase"]
[SourceDate "2011.11.24"]
[SourceVersion "1"]
[SourceVersionDate "2011.11.24"]
[SourceQuality "1"]
[WhiteTeam "Brno Duras II"]
[BlackTeam "Polabiny II"]
[WhiteTeamCountry "CZE"]
[BlackTeamCountry "CZE"]

1. c4 e5 2. Nc3 Nc6 3. g3 g6 4. Bg2 Bg7 5. d3 d6 6. e3 Be6 7. Nge2 Qd7 8. Nd5 h5 9. h4 Nh6 10. Rb1 a5 11. a3 0-0 12. b4 axb4 13. axb4 Rab8 14. b5 Ne7 15. e4 f6 16. 0-0 c6 17. bxc6 Nxc6 18. Nec3 Rf7 19. Nb5 Bxd5 20. cxd5 Nd4 21. Nxd4 exd4 22. Rb4 f5 23. Bxh6 Bxh6 24. Bh3 Bg7 25. exf5 gxf5 26. Qxh5 Rbf8 27. Rfb1 Qc8 28. Qg6 Rf6 29. Qg5 Qe8 30. Rxb7 Rg6 31. Qe7 Qxe7 32. Rxe7 Be5 33. Rbb7 Kh8 34. Kh2 Rg7 35. f4 Bf6 36. Red7 Rxd7 37. Rxd7 Rd8 38. Rf7 Bg7 39. Bxf5 Kg8 40. Be6 Kh8 41. g4 Ra8 42. g5 Ra1 43. h5 Ra8 44. h6 Bf8 45. Kg3 Re8 46. Rxf8+ Rxf8 47. g6 Re8 48. g7+ Kh7 49. g8Q+ Rxg8+ 50. Bxg8+ Kxg8 51. Kg4 1-0

[Event "CZE-chT2D 1011"]
[Site "Czech Republic"]
[Date "2011.03.06"]
[Round "9.3"]
[White "Mudra, Tomas"]
[Black "Hrubes, Pavel"]
[Result "1/2-1/2"]
[WhiteElo "2182"]
[BlackElo "2164"]
[PlyCount "28"]
[EventDate "2010.10.17"]
[EventType "team-tourn"]
[EventRounds "11"]
[EventCountry "CZE"]
[SourceTitle "EXT 2012"]
[Source "ChessBase"]
[SourceDate "2011.11.24"]
[SourceVersion "1"]
[SourceVersionDate "2011.11.24"]
[SourceQuality "1"]
[WhiteTeam "Brno Duras II"]
[BlackTeam "Vysoke Myto"]
[WhiteTeamCountry "CZE"]
[BlackTeamCountry "CZE"]

1. c4 f5 2. Nc3 Nf6 3. g3 e6 4. Bg2 d5 5. b3 d4 6. Nb1 c5 7. d3 e5 8. e3 Nc6 9. Ne2 dxe3 10. Bxe3 Nb4 11. Nc1 f4 12. gxf4 exf4 13. Bxf4 Bg4 14. Qd2 Bd6 1/2-1/2

[Event "CZE-chT2D 1011"]
[Site "Czech Republic"]
[Date "2011.02.06"]
[Round "7"]
[White "Mudra, Tomas"]
[Black "Smistik, Milan"]
[Result "1/2-1/2"]
[WhiteElo "2182"]
[BlackElo "2337"]
[PlyCount "110"]
[EventDate "2010.10.17"]
[EventType "team-tourn"]
[EventRounds "11"]
[EventCountry "CZE"]
[SourceTitle "EXT 2012"]
[Source "ChessBase"]
[SourceDate "2011.11.24"]
[SourceVersion "1"]
[SourceVersionDate "2011.11.24"]
[SourceQuality "1"]
[WhiteTeam "Brno Duras II"]
[BlackTeam "Trebic Caissa"]
[WhiteTeamCountry "CZE"]
[BlackTeamCountry "CZE"]

1. c4 c6 2. Nf3 Nf6 3. g3 d5 4. b3 e6 5. Bg2 Nbd7 6. 0-0 Bd6 7. d4 0-0 8. Nc3 a6 9. Qc2 b5 10. e4 dxe4 11. Nxe4 Nxe4 12. Qxe4 Bb7 13. c5 Be7 14. Qc2 a5 15. Bf4 Nf6 16. Bg5 h6 17. Bxf6 gxf6 18. Rfe1 Kg7 19. Rad1 Qc7 20. Re4 f5 21. Re2 b4 22. Ne5 Ba6 23. Ree1 Bb5 24. g4 fxg4 25. Nxg4 Rg8 26. Ne5 Bg5 27. Qe4 Kh8 28. Kh1 Rac8 29. Qf3 Rg7 30. Qh5 Qe7 31. Be4 Qf6 32. Rg1 Rcg8 33. Rg2 Bf4 34. Rxg7 Rxg7 35. Bxc6 Bxe5 36. Bxb5 Qxf2 37. Qe2 Bxd4 38. Qxf2 Bxf2 39. c6 Bb6 40. h3 f6 41. Bc4 e5 42. Rd6 Re7 43. Rxf6 Kg7 44. Rd6 Bc7 45. Rd7 Kf6 46. Kg2 Rxd7 47. cxd7 Ke7 48. Bb5 Kd6 49. Kf3 Kc5 50. Ba4 Kd4 51. Bc6 Kc3 52. Ke4 Kb2 53. Ba4 Kxa2 54. d8Q Bxd8 55. Kxe5 h5 1/2-1/2

[Event "CZE-chT2D 0910"]
[Site "Czech Republic"]
[Date "2010.03.28"]
[Round "10.2"]
[White "Sabol, Marian"]
[Black "Mudra, Tomas"]
[Result "1/2-1/2"]
[WhiteElo "2343"]
[BlackElo "2178"]
[PlyCount "32"]
[EventDate "2009.10.18"]
[EventType "team-tourn"]
[EventRounds "11"]
[EventCountry "CZE"]
[SourceTitle "EXT 2012"]
[Source "ChessBase"]
[SourceDate "2011.11.24"]
[SourceVersion "1"]
[SourceVersionDate "2011.11.24"]
[SourceQuality "1"]
[WhiteTeam "Zajecice"]
[BlackTeam "Brno Duras II"]
[WhiteTeamCountry "CZE"]
[BlackTeamCountry "CZE"]

1. d4 Nf6 2. c4 c5 3. e3 cxd4 4. exd4 g6 5. Nc3 Bg7 6. Nf3 0-0 7. Be2 d5 8. cxd5 Nxd5 9. Qb3 Nb6 10. 0-0 Be6 11. Qd1 Nc6 12. Be3 Rc8 13. Re1 Nb4 14. Qd2 Re8 15. Bh6 Bh8 16. b3 a6 1/2-1/2